Elasticity

保存先:
書誌詳細
第一著者: Barber, J. R (著者)
フォーマット: 図書
言語:英語
出版事項: Dordrecht Kluwer Academic Publishers 2002
版:2a. ed
シリーズ:Solid Mechanics and its Applications, 107
主題:
タグ: タグ追加
タグなし, このレコードへの初めてのタグを付けませんか!

MARC

LEADER 00000nam a2200000 a 4500
001 UCL9110
003 CL-VaPUC
008 040723e20020000ne |||||||||||||||||eng|d
020 |a 1402009666 
082 0 4 |a 531.38  |b BAR  |2 21 
100 0 |a Barber, J. R  |e author  |9 487002 
245 1 0 |a Elasticity 
250 |a 2a. ed 
300 |a 410 p 
942 |c BK 
945 |d 20040723 00:00:00  |a cmena 
260 |a Dordrecht  |b Kluwer Academic Publishers  |c 2002 
500 |a Proyecto MECESUP 
650 7 |a ELASTICIDAD  |2 CL-VaPUC  |9 266503 
650 7 |a ESFUERZOS Y DEFORMACIONES  |2 CL-VaPUC  |9 262658 
650 0 |a Física matemática   |9 260981 
650 0 |a Resistencia de materiales  |9 260095 
583 |a last modification  |c 20171116 05:45:58  |k Rodrigo Vera 
490 0 |a Solid Mechanics and its Applications, 107 
999 |c 310076  |d 310074 
952 |0 0  |1 0  |4 0  |6 531_380000000000000_BAR_2002  |7 0  |8 A  |9 378141  |a BIBCUR  |b BIBCUR  |d 2019-11-21  |i 4040325  |l 1  |o 531.38 BAR 2002  |p 4040325  |r 2025-04-22  |s 2023-04-18  |w 2019-11-21  |y BK  |k FIS